[Event "PRO League Group Stage"]
[Site "chess.com INT"]
[Date "2020.02.13"]
[Round "6"]
[White "Hammer, Jon Ludvig"]
[Black "Ducarmon, Quinten"]
[Result "1-0"]
[WhiteTitle "GM"]
[BlackTitle "IM"]
[WhiteElo "2628"]
[BlackElo "2486"]
[WhiteTeam "Norway Gnomes"]
[BlackTeam "Netherlands Mosquitoes"]
[WhiteFideId "1503707"]
[BlackFideId "1025007"]
[EventDate "2020.01.06"]

1. c4 e5 2. g3 Nc6 3. Bg2 Bc5 4. Nc3 a6 5. Nf3 d6 6. e3 Nf6 7. d4 Ba7 8. dxe5
Nxe5 9. Nxe5 dxe5 10. Qxd8+ Kxd8 11. b3 c6 12. Ba3 Be6 13. O-O-O+ Kc8 14. h3 a5
15. g4 Nd7 16. Ne4 a4 17. Kb2 axb3 18. axb3 f6 19. Rd2 h5 20. gxh5 Rxh5 21. Rhd1
Bb8 22. Nd6+ Bxd6 23. Rxd6 1-0

[Event "PRO League Group Stage"]
[Site "chess.com INT"]
[Date "2020.02.13"]
[Round "6"]
[White "Van Wely, Loek"]
[Black "Hauge, Lars Oskar"]
[Result "1-0"]
[WhiteTitle "GM"]
[BlackTitle "IM"]
[WhiteElo "2609"]
[BlackElo "2493"]
[WhiteTeam "Netherlands Mosquitoes"]
[BlackTeam "Norway Gnomes"]
[WhiteFideId "1000268"]
[BlackFideId "1509276"]
[EventDate "2020.01.06"]

1. Nf3 f5 2. d4 Nf6 3. g3 g6 4. Bg2 Bg7 5. b4 O-O 6. c4 Ne4 7. Bb2 d6 8. Nc3 c5
9. O-O Nc6 10. bxc5 Nxc3 11. Bxc3 dxc5 12. e3 Be6 13. Qb3 Na5 14. Bxa5 Qxa5 15.
Ng5 Bc8 16. Bxb7 Bxb7 17. Qxb7 cxd4 18. exd4 Bxd4 19. Qxe7 Bg7 20. Qe6+ Kh8 21.
Nf7+ Rxf7 22. Qxf7 Bxa1 23. Rxa1 Qe5 24. Rd1 Rg8 25. Qxa7 Rc8 1-0

[Event "PRO League Group Stage"]
[Site "chess.com INT"]
[Date "2020.02.13"]
[Round "6"]
[White "Spoelman, Wouter"]
[Black "Niemann, Hans Moke"]
[Result "0-1"]
[WhiteTitle "GM"]
[BlackTitle "IM"]
[WhiteElo "2578"]
[BlackElo "2465"]
[WhiteTeam "Netherlands Mosquitoes"]
[BlackTeam "Norway Gnomes"]
[WhiteFideId "1010891"]
[BlackFideId "2093596"]
[EventDate "2020.01.06"]

1. Nf3 Nf6 2. g3 c5 3. Bg2 Nc6 4. O-O e5 5. c4 g6 6. Nc3 Bg7 7. d3 O-O 8. Bg5 d6
9. a3 Be6 10. Nd2 h6 11. Bxf6 Bxf6 12. Nd5 Bg7 13. b4 Ne7 14. Nxe7+ Qxe7 15.
bxc5 dxc5 16. Rb1 Rab8 17. Ne4 f5 18. Nc3 e4 19. Qc2 e3 20. fxe3 Bxc4 21. Ne4
Bf7 22. Qxc5 Qe6 23. Nd6 b6 24. Qc7 Be5 25. e4 Bxd6 26. Qxa7 Bc5+ 27. Kh1 Qe7
28. Qxe7 Bxe7 29. exf5 Bxa3 30. e3 b5 31. Be4 g5 32. Bc6 b4 33. d4 b3 34. e4 Rb4
35. e5 Bc4 36. Rf3 g4 37. Re3 Rxf5 38. e6 Rb6 39. d5 Rxc6 40. dxc6 Bd5+ 41. Kg1
Bc5 42. Rxb3 Bxb3 43. e7 Bxe3+ 44. Kg2 Bd5# 0-1

[Event "PRO League Group Stage"]
[Site "chess.com INT"]
[Date "2020.02.13"]
[Round "6"]
[White "Korobov, Anton"]
[Black "Valsecchi, Alessio"]
[Result "1/2-1/2"]
[WhiteTitle "GM"]
[BlackTitle "GM"]
[WhiteElo "2685"]
[BlackElo "2512"]
[WhiteTeam "Germany Bears"]
[BlackTeam "Italy Gladiators"]
[WhiteFideId "14105730"]
[BlackFideId "818860"]
[EventDate "2020.01.06"]

1. d4 Nf6 2. c4 e6 3. Nf3 d5 4. Nc3 c5 5. e3 a6 6. a3 Nc6 7. b3 Be7 8. Bb2 cxd4
9. exd4 O-O 10. Bd3 b6 11. O-O Bb7 12. Re1 Rc8 13. Rc1 Kh8 14. cxd5 Nxd5 15.
Nxd5 Qxd5 16. Be4 Qd7 17. d5 exd5 18. Qxd5 Qxd5 19. Bxd5 Bf6 20. Bxf6 gxf6 21.
b4 Nd4 22. Nxd4 Bxd5 23. f3 Rfd8 24. Kf2 a5 25. h4 axb4 26. axb4 Bc4 27. Rcd1
Rd5 28. Re4 Rcd8 29. g4 h5 30. Ke3 hxg4 31. fxg4 Re5 32. Rc1 b5 33. Ra1 Kh7 34.
Ra6 Rde8 35. Rxe5 Rxe5+ 36. Kf4 Bd5 37. Nf5 Re4+ 38. Kg3 Be6 39. Rb6 Rxb4 40. h5
Bxf5 41. gxf5 Kg7 42. Kf3 Rb1 43. h6+ Kxh6 44. Rxf6+ Kg7 45. Rb6 b4 46. Kg2 b3
47. Kh2 f6 48. Kg2 Rb2+ 49. Kg3 Rb1 50. Kg2 Kf7 51. Rb7+ Ke8 52. Rb6 Ke7 53.
Re6+ Kf7 54. Rb6 Kg7 55. Kh2 Kh6 56. Rxf6+ Kg5 57. Rf8 Rc1 58. Rb8 Rc2+ 59. Kg3
Rc3+ 60. Kf2 Kxf5 61. Ke2 Ke4 62. Kd2 Rh3 63. Kc1 1/2-1/2

[Event "PRO League Group Stage"]
[Site "chess.com INT"]
[Date "2020.02.13"]
[Round "6"]
[White "Tomczak, Jacek"]
[Black "Lodici, Lorenzo"]
[Result "1-0"]
[WhiteTitle "GM"]
[BlackTitle "IM"]
[WhiteElo "2603"]
[BlackElo "2477"]
[WhiteTeam "Germany Bears"]
[BlackTeam "Italy Gladiators"]
[WhiteFideId "1124668"]
[BlackFideId "884189"]
[EventDate "2020.01.06"]

1. e4 c5 2. Nf3 e6 3. d4 cxd4 4. Nxd4 Nf6 5. Nc3 Nc6 6. Nxc6 bxc6 7. e5 Nd5 8.
Ne4 Qc7 9. f4 Qb6 10. c4 Bb4+ 11. Ke2 f5 12. Nf2 Ba6 13. Kf3 Ne7 14. Be3 Bc5 15.
Bxc5 Qxc5 16. Qd6 Qb6 17. b3 c5 18. Rd1 Bb7+ 19. Kg3 Qxd6 20. Rxd6 g5 21. fxg5
Rg8 22. h4 h6 23. Nd3 Rc8 24. Nf4 hxg5 25. hxg5 Rxg5+ 26. Kf2 Rc6 27. Be2 Rxd6
28. exd6 Nc8 29. Rh8+ Kf7 30. Rd8 Nb6 31. a4 e5 32. Nd3 Rxg2+ 33. Kf1 Rh2 34. a5
Ke6 35. Nxc5+ Kxd6 36. Nxb7+ Kc7 37. axb6+ axb6 38. Rf8 Kxb7 39. Rxf5 d6 40.
Rf7+ Kc6 41. b4 e4 42. Re7 Rh4 43. Kf2 d5 44. Re6+ Kd7 45. cxd5 e3+ 46. Kxe3
Rxb4 47. Rg6 Kc7 48. d6+ 1-0

[Event "PRO League Group Stage"]
[Site "chess.com INT"]
[Date "2020.02.13"]
[Round "6"]
[White "Moiseenko, Alexander"]
[Black "Braun, Arik"]
[Result "1/2-1/2"]
[WhiteTitle "GM"]
[BlackTitle "GM"]
[WhiteElo "2620"]
[BlackElo "2605"]
[WhiteTeam "Italy Gladiators"]
[BlackTeam "Germany Bears"]
[WhiteFideId "14102560"]
[BlackFideId "4663527"]
[EventDate "2020.01.06"]

1. d4 Nf6 2. c4 e6 3. Nc3 Bb4 4. Nf3 b6 5. e3 Bb7 6. Bd3 Ne4 7. O-O Bxc3 8. bxc3
f5 9. Nd2 Qg5 10. f4 Qg6 11. Nxe4 Bxe4 12. Bxe4 fxe4 13. Ba3 Nc6 14. d5 Na5 15.
Qa4 h5 16. Rad1 h4 17. h3 Rh5 18. Kh1 Rf5 19. Rd4 Rf7 20. dxe6 Qxe6 21. c5 O-O-O
22. Rxe4 Qxa2 23. cxb6 axb6 24. f5 Qe2 25. Ref4 Kb7 26. c4 d6 27. Bb4 Ra8 28.
Bxa5 Rxa5 29. Qb3 Ra2 30. R4f2 Rxf5 31. Rxe2 Rxf1+ 32. Kh2 Rxe2 33. Qd3 Rff2 34.
Qe4+ Ka7 35. Qe7 Rxg2+ 36. Kh1 Kb7 37. Qe4+ c6 38. Qe7+ Ka6 39. Qe8 Ka5 40. Qxc6
Rb2 41. Qxd6 Rh2+ 42. Kg1 Rhg2+ 43. Kh1 Rh2+ 44. Kg1 Rhg2+ 45. Kh1 1/2-1/2

[Event "PRO League Group Stage"]
[Site "chess.com INT"]
[Date "2020.02.13"]
[Round "6"]
[White "Moroni, Luca Jr"]
[Black "Kollars, Dmitrij"]
[Result "1/2-1/2"]
[WhiteTitle "GM"]
[BlackTitle "GM"]
[WhiteElo "2532"]
[BlackElo "2592"]
[WhiteTeam "Italy Gladiators"]
[BlackTeam "Germany Bears"]
[WhiteFideId "865834"]
[BlackFideId "12909572"]
[EventDate "2020.01.06"]

1. Nf3 Nf6 2. g3 b6 3. Bg2 Bb7 4. c4 e6 5. O-O Be7 6. Nc3 O-O 7. d4 Ne4 8. Bd2
Bf6 9. Be1 Nxc3 10. Bxc3 Be4 11. Qd2 d5 12. cxd5 Qxd5 13. Rfd1 Nc6 14. Ne1 Bxg2
15. Nxg2 Rad8 16. Qf4 e5 17. dxe5 Qxd1+ 18. Rxd1 Rxd1+ 19. Ne1 Bxe5 20. Bxe5
Rxe1+ 21. Kg2 Nxe5 22. Qxe5 c5 23. Qe7 g6 24. Kf3 Ra8 25. Kf4 Rd1 26. e4 Rad8
27. Kg5 R1d7 28. Qe5 Rd6 29. Kh6 g5+ 30. Kh5 h6 31. Qe7 R6d7 32. Qe5 Rd6 33. f4
gxf4 34. gxf4 Re6 35. Qc7 Rd2 36. f5 Rxe4 37. Kxh6 Rh4+ 38. Kg5 Rhxh2 39. Qxa7
Rdg2+ 40. Kf6 Rh6+ 41. Ke5 Re2+ 42. Kf4 Rf6 43. Qa8+ Kg7 44. Qf3 Ree6 45. Qc3
Re2 46. Qf3 Ree6 47. Qg3+ Kf8 48. Qh4 Ke7 49. Qh2 1/2-1/2

[Event "PRO League Group Stage"]
[Site "chess.com INT"]
[Date "2020.02.13"]
[Round "6"]
[White "Diaz Camallonga, Carles"]
[Black "Vachier-Lagrave, Maxime"]
[Result "0-1"]
[WhiteTitle "IM"]
[BlackTitle "GM"]
[WhiteElo "2474"]
[BlackElo "2770"]
[WhiteTeam "Spain Raptors"]
[BlackTeam "France Roosters"]
[WhiteFideId "22235256"]
[BlackFideId "623539"]
[EventDate "2020.01.06"]

1. e4 c5 2. Nf3 d6 3. Bb5+ Nd7 4. d4 cxd4 5. Qxd4 a6 6. Bxd7+ Bxd7 7. c4 e6 8.
Nc3 Nf6 9. Bg5 h6 10. Bh4 g5 11. Bg3 e5 12. Qd3 Rc8 13. O-O Be7 14. Rac1 O-O 15.
Rfd1 Be6 16. b3 Qa5 17. a4 Kg7 18. Nd2 Qb6 19. Rb1 h5 20. h4 Ng4 21. hxg5 Bxg5
22. Nf3 Be7 23. Nh4 Kh8 24. Nd5 Bxd5 25. Qxd5 Nh6 26. Qd2 Kh7 27. Qe2 Rg8 28.
Kh1 Rg4 29. Nf3 Rcg8 30. Nh2 h4 31. Nxg4 Nxg4 32. c5 Qxc5 33. Rbc1 Qa7 34. Rf1
hxg3 35. fxg3 Rg6 36. Rxf7+ Kg8 37. Qxg4 Rxg4 38. Rxe7 Rg7 0-1

[Event "PRO League Group Stage"]
[Site "chess.com INT"]
[Date "2020.02.13"]
[Round "6"]
[White "Forcen Esteban, Daniel"]
[Black "Lagarde, Maxime"]
[Result "0-1"]
[WhiteTitle "GM"]
[BlackTitle "GM"]
[WhiteElo "2548"]
[BlackElo "2651"]
[WhiteTeam "Spain Raptors"]
[BlackTeam "France Roosters"]
[WhiteFideId "2288230"]
[BlackFideId "662399"]
[EventDate "2020.01.06"]

1. c4 g6 2. Nc3 Bg7 3. d4 Nf6 4. e4 d6 5. Nge2 c6 6. Ng3 a6 7. a4 a5 8. Be2 Na6
9. h4 h5 10. Bg5 e5 11. d5 Nc5 12. b3 O-O 13. Rb1 Qc7 14. Qd2 Nh7 15. Bh6 f6 16.
Be3 Na6 17. f4 exf4 18. Bxf4 Rd8 19. O-O Qe7 20. Bd3 Nb4 21. Be2 Bd7 22. Rbe1
Be8 23. Bf3 Nf8 24. Nge2 Nd7 25. dxc6 bxc6 26. Bxd6 Ne5 27. Bxe7 Rxd2 28. Rd1
Rd3 29. Rxd3 Nbxd3 30. Nc1 Nb4 31. N3e2 Nc2 32. Rd1 Kf7 33. Bc5 Bh6 34. Kf2 Rb8
35. g3 Nb4 36. Nf4 Rb7 37. Be2 Bd7 38. Bxb4 Rxb4 39. Ncd3 Nxd3+ 40. Rxd3 Be8 41.
Bd1 Ke7 42. Ne2 Bf8 43. Nd4 Kf7 44. Ke2 Rb8 45. Nf3 Ke6 46. Kf2 Bc5+ 47. Kg2 Bd6
48. Nd4+ Ke7 49. Nf3 Bd7 50. Be2 c5 51. Nd2 Bc6 52. Bf3 Be5 53. Nf1 Bd4 54. Ne3
Bxe3 55. Rxe3 Rd8 56. e5 Rd2+ 57. Kf1 Bxf3 58. exf6+ Kxf6 59. Rxf3+ Ke5 60. Re3+
Kd4 61. Re6 Kc3 62. Rxg6 Kxb3 63. Rg5 Kxc4 64. Rxh5 Kb4 65. Rh8 c4 66. h5 c3 67.
Rc8 c2 68. h6 Rd1+ 69. Kg2 c1=Q 70. Rxc1 Rxc1 71. g4 Rc6 72. g5 Rc5 0-1

[Event "PRO League Group Stage"]
[Site "chess.com INT"]
[Date "2020.02.13"]
[Round "6"]
[White "Edouard, Romain"]
[Black "Herrera Reyes, Jose Antonio"]
[Result "1-0"]
[WhiteTitle "GM"]
[BlackTitle "FM"]
[WhiteElo "2640"]
[BlackElo "2304"]
[WhiteTeam "France Roosters"]
[BlackTeam "Spain Raptors"]
[WhiteFideId "633429"]
[BlackFideId "2274914"]
[EventDate "2020.01.06"]

1. c4 c5 2. Nf3 b6 3. e4 Bb7 4. Nc3 e6 5. d4 cxd4 6. Nxd4 a6 7. Be2 Qc7 8. Be3
Nf6 9. Qc2 d6 10. O-O Be7 11. Rac1 Nbd7 12. f4 h5 13. h3 Rc8 14. b3 Qb8 15. Bf3
Qa8 16. a4 h4 17. Rfe1 Nh5 18. Bxh5 Rxh5 19. f5 e5 20. Nf3 Nf6 21. Bxb6 Kf8 22.
Bf2 Kg8 23. Qe2 Rb8 24. b4 Rh6 25. a5 Nh5 26. Na4 Nf4 27. Qe3 Bc6 28. Nb6 Qb7
29. Nh2 Rh5 30. Nf3 Bd8 31. Kh2 Rh6 32. Rb1 Qe7 33. Nd5 Bxd5 34. exd5 Rh5 35.
Qe4 Qd7 36. c5 Rxf5 37. cxd6 1-0

[Event "PRO League Group Stage"]
[Site "chess.com INT"]
[Date "2020.02.13"]
[Round "6"]
[White "Cornette, Matthieu"]
[Black "Martinez Reyes, Pedro Ramon"]
[Result "1/2-1/2"]
[WhiteTitle "GM"]
[BlackTitle "FM"]
[WhiteElo "2555"]
[BlackElo "2407"]
[WhiteTeam "France Roosters"]
[BlackTeam "Spain Raptors"]
[WhiteFideId "620084"]
[BlackFideId "3901807"]
[EventDate "2020.01.06"]

1. c4 e6 2. g3 Nf6 3. Bg2 d5 4. Nf3 Be7 5. O-O O-O 6. d4 dxc4 7. Ne5 Qd6 8. Na3
Rd8 9. Naxc4 Qa6 10. Qc2 Nbd7 11. b3 Nxe5 12. dxe5 Nd5 13. h4 b5 14. Nd2 Bb7 15.
Ne4 h6 16. Bb2 Rac8 17. Nc5 Qb6 18. Rfc1 Nb4 19. Qc3 Bxc5 20. Qxc5 Rd1+ 21. Kh2
Rxc1 22. Rxc1 Bxg2 23. Kxg2 Nxa2 24. Rc2 Qb7+ 25. f3 a5 26. Ba3 Nb4 27. Bxb4
axb4 28. Qxb4 Ra8 29. Qe7 Qd5 30. Rxc7 Rf8 31. Qc5 Qxb3 32. Rb7 Qd1 33. Qxb5 Rd8
34. Rb8 Rxb8 35. Qxb8+ Kh7 36. Qb5 g6 37. Qc4 h5 38. Qe4 Qe1 39. Qe3 Kg7 40. f4
Qb1 41. Qf3 Qc2 42. g4 hxg4 43. Qxg4 Qe4+ 44. Qf3 Qc2 45. Kg3 Qc1 46. Kg2 Qd2
47. Kh2 Qe1 48. Kh3 Qb1 49. h5 Qf5+ 50. Kh4 gxh5 51. e4 Qg6 52. f5 Qg1 53. Qg3+
Qxg3+ 54. Kxg3 Kh7 55. Kh3 Kg7 56. Kg3 Kh7 57. Kh3 Kg7 58. Kg3 1/2-1/2

[Event "PRO League Group Stage"]
[Site "chess.com INT"]
[Date "2020.02.13"]
[Round "6"]
[White "Spoelman, Wouter"]
[Black "Hammer, Jon Ludvig"]
[Result "1-0"]
[WhiteTitle "GM"]
[BlackTitle "GM"]
[WhiteElo "2578"]
[BlackElo "2628"]
[WhiteTeam "Netherlands Mosquitoes"]
[BlackTeam "Norway Gnomes"]
[WhiteFideId "1010891"]
[BlackFideId "1503707"]
[EventDate "2020.01.06"]

1. c4 e5 2. Nc3 Nf6 3. Nf3 Nc6 4. a3 g6 5. b4 d6 6. g3 Bg7 7. Bg2 O-O 8. O-O Re8
9. Bb2 Nd4 10. e3 Nxf3+ 11. Qxf3 c6 12. h3 h5 13. b5 Bd7 14. a4 Qc8 15. Kh2 Ng4+
16. hxg4 Bxg4 17. Qe4 Bf5 18. Qh4 1-0

[Event "PRO League Group Stage"]
[Site "chess.com INT"]
[Date "2020.02.13"]
[Round "6"]
[White "Van Wely, Loek"]
[Black "Erigaisi, Arjun"]
[Result "1-0"]
[WhiteTitle "GM"]
[BlackTitle "GM"]
[WhiteElo "2609"]
[BlackElo "2575"]
[WhiteTeam "Netherlands Mosquitoes"]
[BlackTeam "Norway Gnomes"]
[WhiteFideId "1000268"]
[BlackFideId "35009192"]
[EventDate "2020.01.06"]

1. Nf3 d5 2. g3 Nf6 3. Bg2 Bg4 4. O-O Nbd7 5. d3 c6 6. h3 Bh5 7. Nbd2 e5 8. e4
dxe4 9. dxe4 Bc5 10. Qe2 O-O 11. a4 Qe7 12. a5 a6 13. c3 Rad8 14. Nc4 Qe6 15. g4
Bg6 16. Nh4 Be7 17. Nf5 Nc5 18. Bg5 h6 19. Bh4 Nd3 20. Nxe7+ Qxe7 21. Bg3 Rfe8
22. Qe3 Qe6 23. b3 Nf4 24. Bxf4 exf4 25. Qxf4 Bxe4 26. Rfe1 Qd5 27. Nb6 Qg5 28.
Qxg5 hxg5 29. Na4 Bxg2 30. Rxe8+ Rxe8 31. Kxg2 Nd5 32. Kf3 Re5 33. b4 g6 34. Rc1
Kg7 35. Nc5 Re7 36. Nd3 Nc7 37. Nc5 Nd5 38. Ne4 f6 39. Rc2 Nf4 40. Nc5 Nxh3 41.
Rd2 Nf4 42. Rd8 Nd5 43. Rb8 Nxc3 44. Nxb7 Ne4 45. Nd8 Nd2+ 46. Kg2 Re4 47. Rb7+
Kg8 48. Nxc6 Rxg4+ 49. Kh3 Rh4+ 50. Kg3 Ne4+ 51. Kf3 Rf4+ 52. Ke3 Nd6 53. Ra7
Nf5+ 54. Ke2 Nd4+ 55. Nxd4 Rxd4 56. Rb7 Re4+ 57. Kd3 Re1 58. b5 axb5 59. a6 Ra1
60. a7 f5 61. Rb8+ Kg7 62. a8=Q Rxa8 63. Rxa8 g4 64. Ke3 Kf6 65. Rb8 Kg5 66.
Rxb5 Kh4 67. Kf4 1-0

[Event "PRO League Group Stage"]
[Site "chess.com INT"]
[Date "2020.02.13"]
[Round "6"]
[White "Hauge, Lars Oskar"]
[Black "Vrolijk, Liam"]
[Result "0-1"]
[WhiteTitle "IM"]
[BlackTitle "IM"]
[WhiteElo "2493"]
[BlackElo "2478"]
[WhiteTeam "Norway Gnomes"]
[BlackTeam "Netherlands Mosquitoes"]
[WhiteFideId "1509276"]
[BlackFideId "1048333"]
[EventDate "2020.01.06"]

1. f4 d5 2. Nf3 Bf5 3. g3 e6 4. Bg2 Bc5 5. e3 Nf6 6. d3 O-O 7. Qe2 Nc6 8. h3 h6
9. b3 Re8 10. Bb2 Bd6 11. O-O Bh7 12. Nbd2 e5 13. fxe5 Nxe5 14. Nd4 Ned7 15. g4
Qe7 16. Rae1 Bg3 17. Rd1 Qxe3+ 18. Qxe3 Rxe3 19. Rxf6 Nxf6 20. N4f3 Re2 21. Bf1
Re6 22. Bg2 Rae8 23. Bd4 b6 24. b4 c6 25. a4 Bd6 26. Bc3 c5 27. b5 Bf4 28. Bb2
d4 29. Nc4 Re2 30. Bc1 Bxc1 31. Rxc1 Nd5 32. Bf1 R2e6 33. a5 Nc3 34. axb6 axb6
35. Nfd2 Nxb5 0-1

[Event "PRO League Group Stage"]
[Site "chess.com INT"]
[Date "2020.02.13"]
[Round "6"]
[White "Niemann, Hans Moke"]
[Black "Ducarmon, Quinten"]
[Result "1-0"]
[WhiteTitle "IM"]
[BlackTitle "IM"]
[WhiteElo "2465"]
[BlackElo "2486"]
[WhiteTeam "Norway Gnomes"]
[BlackTeam "Netherlands Mosquitoes"]
[WhiteFideId "2093596"]
[BlackFideId "1025007"]
[EventDate "2020.01.06"]

1. Nf3 d5 2. c4 d4 3. g3 Nc6 4. Bg2 e5 5. O-O e4 6. Ne1 h5 7. Bxe4 h4 8. d3 Bh3
9. Ng2 Qd7 10. Bg5 Be7 11. Bxe7 Ngxe7 12. Nd2 f5 13. Bf3 g5 14. Re1 g4 15. Bxc6
Qxc6 16. Nf4 O-O-O 17. e4 dxe3 18. Rxe3 Ng6 19. Re6 Rd6 20. Rxd6 cxd6 21. Nxh3
gxh3 22. Qf3 hxg3 23. hxg3 Ne5 24. Qxf5+ Kb8 25. Qe4 Nxd3 26. Qxc6 bxc6 27. Nf1
Re8 28. Ne3 Rf8 29. Ng4 Kc7 30. b3 Rg8 31. Ne3 Rf8 32. Rf1 Rf3 33. Ng4 Kd7 34.
Kh2 Ke6 35. Kxh3 Kf5 36. Ne3+ Ke4 37. Kg2 d5 38. cxd5 cxd5 39. Nc2 a5 40. Ne1 1-0

[Event "PRO League Group Stage"]
[Site "chess.com INT"]
[Date "2020.02.13"]
[Round "6"]
[White "Moroni, Luca Jr"]
[Black "Korobov, Anton"]
[Result "1/2-1/2"]
[WhiteTitle "GM"]
[BlackTitle "GM"]
[WhiteElo "2532"]
[BlackElo "2685"]
[WhiteTeam "Italy Gladiators"]
[BlackTeam "Germany Bears"]
[WhiteFideId "865834"]
[BlackFideId "14105730"]
[EventDate "2020.01.06"]

1. c4 e6 2. Nc3 d5 3. d4 c6 4. e3 Nf6 5. Nf3 Nbd7 6. Qc2 Bd6 7. b3 O-O 8. Be2 b6
9. O-O Bb7 10. Bb2 Re8 11. Rfe1 Qe7 12. Rad1 Rad8 13. Bf1 c5 14. cxd5 exd5 15.
g3 a6 16. Bg2 Rc8 17. dxc5 Nxc5 18. Nd4 Be5 19. Qb1 g6 20. Nf3 Bb8 21. Ba1 Nce4
22. Ne2 Ng4 23. Qb2 f6 24. Rf1 Nexf2 25. Rxf2 Nxf2 26. Kxf2 Qxe3+ 27. Kf1 Be5
28. Ned4 a5 29. Qf2 Ba6+ 30. Kg1 Qc1 31. Qd2 Qxd2 32. Nxd2 Kh8 33. N2f3 Be2 34.
Nxe2 Bxa1 35. Nf4 Bb2 36. Nxd5 Red8 37. a4 Ba3 38. Nd2 Rc2 39. Be4 Bc5+ 40. Kh1
Rb2 41. g4 f5 42. gxf5 gxf5 43. Bg2 f4 44. Nc4 Rxb3 45. Ne5 Re8 46. Nf7+ Kg7 47.
Ng5 Rd3 48. Rf1 Be3 49. Nh3 Ra3 50. Nhxf4 Rxa4 51. Nc7 Re5 52. Nfe6+ Kg6 53. Bc6
Rg4 54. h3 Rg1+ 55. Rxg1+ Bxg1 56. Kxg1 Kf6 57. Kf2 Rxe6 58. Nxe6 Kxe6 59. Ke3
Kf6 60. Kf4 Kg7 1/2-1/2

[Event "PRO League Group Stage"]
[Site "chess.com INT"]
[Date "2020.02.13"]
[Round "6"]
[White "Moiseenko, Alexander"]
[Black "Tomczak, Jacek"]
[Result "0-1"]
[WhiteTitle "GM"]
[BlackTitle "GM"]
[WhiteElo "2620"]
[BlackElo "2603"]
[WhiteTeam "Italy Gladiators"]
[BlackTeam "Germany Bears"]
[WhiteFideId "14102560"]
[BlackFideId "1124668"]
[EventDate "2020.01.06"]

1. d4 Nf6 2. c4 g6 3. Nc3 d5 4. Bg5 Ne4 5. Bh4 g5 6. Nxe4 dxe4 7. Bxg5 Bg7 8.
Bc1 Qxd4 9. Qxd4 Bxd4 10. e3 Bg7 11. Ne2 Nc6 12. Nc3 Bxc3+ 13. bxc3 Be6 14. Ba3
Ne5 15. Rb1 Bxc4 16. Rxb7 Bxf1 17. Rxf1 Kd7 18. Ke2 Rhg8 19. Rd1+ Kc6 20. Rb4 f5
21. g3 a5 22. Rbd4 e6 23. h3 h5 24. Ra4 Kb5 25. Rad4 Kc6 26. Ra4 Rgb8 27. g4
hxg4 28. hxg4 Kb5 29. Rad4 c5 30. c4+ Nxc4 31. Rb1+ Ka4 32. Rxc4+ Kxa3 33. Rxb8
Rxb8 34. Rxc5 a4 35. gxf5 exf5 36. Rxf5 Kxa2 37. f3 Rb2+ 38. Kd1 exf3 39. Rxf3
Kb1 40. e4 Rb3 41. Rf1 a3 42. Kd2+ Kb2 43. e5 a2 44. e6 a1=Q 45. Rxa1 Kxa1 46.
e7 Rb8 0-1

[Event "PRO League Group Stage"]
[Site "chess.com INT"]
[Date "2020.02.13"]
[Round "6"]
[White "Braun, Arik"]
[Black "Lodici, Lorenzo"]
[Result "1/2-1/2"]
[WhiteTitle "GM"]
[BlackTitle "IM"]
[WhiteElo "2605"]
[BlackElo "2477"]
[WhiteTeam "Germany Bears"]
[BlackTeam "Italy Gladiators"]
[WhiteFideId "4663527"]
[BlackFideId "884189"]
[EventDate "2020.01.06"]

1. Nf3 f5 2. d4 Nf6 3. e3 g6 4. b4 Bg7 5. Be2 O-O 6. O-O c6 7. Bb2 a5 8. b5 a4
9. c4 Ne4 10. a3 d6 11. Nc3 Nxc3 12. Bxc3 cxb5 13. cxb5 Be6 14. Rc1 Bb3 15. Qd3
Nd7 16. Nd2 Bf7 17. Bf3 Rb8 18. Bb4 Nb6 19. e4 fxe4 20. Nxe4 Bh6 21. Bd2 Bxd2
22. Qxd2 Bd5 23. Rfe1 Qd7 24. Qh6 Ra8 25. Ng5 e6 26. Bg4 Rae8 27. Rc3 Rf6 28.
Rec1 Re7 29. h4 Qd8 30. Bf3 Qf8 31. Qxf8+ Rxf8 32. Rc7 Rfe8 33. Ne4 Bxe4 34.
Bxe4 d5 35. Bd3 Kf7 36. f3 Nc4 37. Rxe7+ Kxe7 38. Bxc4 Rc8 39. Kf2 Kd6 40. Ke3
dxc4 41. Ke4 h5 42. Rc3 Rc7 43. g4 b6 44. g5 1/2-1/2

[Event "PRO League Group Stage"]
[Site "chess.com INT"]
[Date "2020.02.13"]
[Round "6"]
[White "Kollars, Dmitrij"]
[Black "Valsecchi, Alessio"]
[Result "0-1"]
[WhiteTitle "GM"]
[BlackTitle "GM"]
[WhiteElo "2592"]
[BlackElo "2512"]
[WhiteTeam "Germany Bears"]
[BlackTeam "Italy Gladiators"]
[WhiteFideId "12909572"]
[BlackFideId "818860"]
[EventDate "2020.01.06"]

1. e4 e5 2. Nf3 Nc6 3. Bc4 Bc5 4. c3 Nf6 5. d3 d6 6. O-O a6 7. Bb3 Ba7 8. Nbd2
O-O 9. h3 h6 10. Re1 Be6 11. Nf1 Re8 12. Ng3 d5 13. exd5 Nxd5 14. Bc2 Qd6 15.
Nh4 Qd7 16. Qf3 Rad8 17. Nhf5 f6 18. Re4 Nce7 19. Nxg7 Kxg7 20. Nh5+ Kf7 21. c4
Ng8 22. cxd5 Bxd5 23. Bxh6 Qc6 24. Rc1 Nxh6 25. Ng3 Bxe4 26. Nxe4 Kg7 27. Qg3+
Kh8 28. Qh4 f5 29. Nf6 Bxf2+ 30. Kxf2 Qc5+ 31. Kf1 Qe3 32. Re1 Qd2 33. Re2 Qc1+
34. Re1 Qd2 35. Nxe8 Rxe8 36. Re2 Qc1+ 37. Kf2 Kh7 38. Qc4 Re7 39. Qc5 Qg5 40.
Kg1 b6 41. Qd5 Qc1+ 42. Kh2 Kg6 43. Qc6+ Kg5 44. Rf2 Ng4+ 45. Kg3 f4+ 0-1

[Event "PRO League Group Stage"]
[Site "chess.com INT"]
[Date "2020.02.13"]
[Round "6"]
[White "Vachier-Lagrave, Maxime"]
[Black "Forcen Esteban, Daniel"]
[Result "1-0"]
[WhiteTitle "GM"]
[BlackTitle "GM"]
[WhiteElo "2770"]
[BlackElo "2548"]
[WhiteTeam "France Roosters"]
[BlackTeam "Spain Raptors"]
[WhiteFideId "623539"]
[BlackFideId "2288230"]
[EventDate "2020.01.06"]

1. Nf3 Nf6 2. c4 e6 3. Nc3 Bb4 4. Qb3 a5 5. e4 d6 6. Qc2 O-O 7. Be2 e5 8. d3 Nc6
9. O-O h6 10. h3 Bc5 11. Be3 b6 12. Qd2 Re8 13. Nd5 Nxd5 14. cxd5 Ne7 15. d4
exd4 16. Nxd4 Ng6 17. f3 Bd7 18. a3 a4 19. Rad1 Qf6 20. Rf2 Ra5 21. Bf1 Nh4 22.
Qc3 Qg6 23. Kh2 f5 24. g3 fxe4 25. gxh4 exf3 26. Rxf3 Qh5 27. Bg2 Qxh4 28. Rg3
Re7 29. Rf1 Qh5 30. Nc2 Bf5 31. Bd4 g6 32. Ne3 Be4 33. Ng4 1-0